LIBRARY & INFORMATION CENTRE, KCAET, TAVANUR

ONLINE PUBLIC ACCESS CATALOGUE (OPAC)

Science and the modern world / (Record no. 290)

MARC details
000 -LEADER
fixed length control field 00374cam a2200145ua 4500
041 ## - LANGUAGE CODE
Language code of text/sound track or separate title eng
082 ## - DEWEY DECIMAL CLASSIFICATION NUMBER
Classification number 500.2
Item number WHI/SC
100 ## - MAIN ENTRY--AUTHOR NAME
Personal name Whitehead, Alfred North .
245 ## - TITLE STATEMENT
Title Science and the modern world /
260 ## - PUBLICATION, DISTRIBUTION, ETC. (IMPRINT)
Place of publication Chennai :
Name of publisher McMillan and company.
300 ## - PHYSICAL DESCRIPTION
Number of Pages 191 ; .
942 ## - ADDED ENTRY ELEMENTS (KOHA)
Koha item type Books
Holdings
Withdrawn status Lost status Damaged status Home library Current library Date acquired Full call number Accession Number Koha item type
    Damaged KAUAET KAUAET 07/04/2012 500.2 636 Books
free website counter